00406pab a2200145 454500008004000000100001800040245009000058260000900148300001300157362001200170650002800182650002000210700001700230773001300247180718b2013 xxu||||| |||| 00| 0 eng d aKaur, Gurleen aNexus between fiscal deficit and economic growth in India: An empirical investigation c2013 ap.13-22. aApr-Jun aEconomic growth - India aEconomic growth aAhmed, Neetu aAbhigyan